[Event "Høstturneringen 2013"]
[Site "Ås, Akershus NOR"]
[Date "2013.12.12"]
[Round "9"]
[White "Flügel, Stefan"]
[Black "Thowsen, Alf Geir"]
[Result "1-0"]
[WhiteElo "1675"]
[BlackElo "1166"]
[Annotator "Lea, Per"]
[PlyCount "81"]
[EventDate "2013.09.05"]

1. Nc3 e5 2. Nf3 d6 {Av Anker Aasum i sin bok "1.Sf3 Sleipner-Eröffnung"
(Walter Rau Verlag 1988) - ikke dårlig av en amatør fra Halden! - døpt til
Madame de Remusat-forsvaret, etter et parti madam Claire Gravier de Remusat,
keierinne Josefines hoffdame, angivelig spilte mot Keiser Napoleon I i Chateau
de Malmaison, 1804. Keiseren feiget ut ved å overgå til Philodors forsvar og
vant i stor stil, men historien er sannsynligvis, som "alle" gode historier,
bare oppspinn fra ende til annen!} 3. d4 ({Napoleon fortsatte:} 3. e4 f5 4. h3
fxe4 5. Nxe4 Nc6 6. Nfg5 d5 7. Qh5+ g6 8. Qf3 Nh6 9. Nf6+ Ke7 10. Nxd5+ Kd6 11.
Ne4+ Kxd5 12. Bc4+ Kxc4 13. Qb3+ Kd4 14. Qd3# {
Som sagt: muligens en røverhistorie, men en GOD røverhistorie!}) 3... exd4 4.
Nxd4 Nf6 ({Aasum siterer Jendrossek - Mineo, postsjakk 1983-4, som fortsatte} 
4... Be7 5. e4 Bf6 6. Be3 {
uten at det gikk bedre for svart der enn i herværende parti}) 5. g3 Be7 6. Bg2
O-O 7. O-O c6 8. Bf4 Re8 9. Qd3 Nbd7 10. Nf5 Nc5 11. Nxe7+ Qxe7 12. Qxd6 Nce4
13. Qxe7 Rxe7 14. Nxe4 Nxe4 15. Rad1 Bf5 16. Rd4 Rae8 17. f3 Nc5 18. e4 Bg6 19.
Bd6 Ne6 20. Rd2 Rd7 21. Rfd1 Red8 22. Bh3 Ng5 23. Bg2 f6 24. Bf4 Rxd2 25. Rxd2
Rxd2 26. Bxd2 Kf7 27. Bxg5 fxg5 28. Kf2 Kf6 29. Ke3 Bf7 30. b3 c5 31. c4 b6 32.
Bh3 Bh5 33. Bf1 g4 34. f4 g5 35. e5+ Ke6 36. Bd3 gxf4+ 37. Kxf4 h6 38. Bf5+ Ke7
39. Bxg4 Bg6 40. Bf5 Bh5 41. g4 1-0

[Event "Høstturneringen 2013"]
[Site "Ås, Akershus NOR"]
[Date "2013.12.12"]
[Round "9"]
[White "Simonsen, Steinar"]
[Black "Lea, Per"]
[Result "0-1"]
[WhiteElo "1351"]
[BlackElo "1658"]
[Annotator "Lea, Per"]
[PlyCount "68"]
[EventDate "2013.09.05"]

1. e4 e5 2. Nf3 Nc6 3. Bb5 a6 4. Ba4 Nf6 5. Nc3 {Ikke det vanligste, men godt
egnet til å få teoristerke svartspillere ut av fatningen. Hvis svart spiller
på autopilot, er det fort gjort å glemme at bonden på e5 kan falle etter slag
på c6. Siden løperen ikke slo på c6 i trekk 4, er det fort gjort å tro at den
aldri vil gjøre det.} b5 {[%emt 0:00:00]} 6. Bb3 {[%eval 0,0] [%emt 0:00:00]}
Be7 7. d3 d6 8. Nd5 Bg4 9. c3 Nxd5 10. Bxd5 Qd7 11. h3 ({
Begge overser bondegevinsten:} 11. Bxc6 Qxc6 12. Nxe5 dxe5 13. Qxg4) 11... Bh5
12. a4 {Også her fungerer bondegevinsten!} O-O $4 13. O-O {
Vanligvis er det sunt å rokere, men her fantes andre muligheter} (13. g4 Bg6
14. h4 h6 15. h5 Bh7 16. g5 hxg5 17. Nxg5 {
hadde vært ganske trøstesløst for svart}) 13... Rab8 14. axb5 axb5 15. Ra6 Nd8
16. g4 $2 {Når endelig hvit spiller g4, så er det for seint...} (16. Nxe5 dxe5
17. Qxh5 c6 18. Bb3 {er klart best for hvit}) 16... c6 17. Bb3 Bg6 18. Bg5 Bxg5
19. Nxg5 h6 20. Nf3 Ne6 21. Kh2 Nf4 {En ekkelt plassert springer som jeg
fryktet at hvit ville bytte ut med springer manøvrer f3-g1-e2, f3-h4-g2 eller
f3-e1-g2} 22. Rg1 h5 $2 23. Nh4 Kh7 24. Nf5 {Det virker naturlig å plassere
den hvite springeren på en like framtredende plass som svarts springer, men
forskjellen er at hvits springer ikke får stå i ro. Svart satser på at det
faller en avgjørelse i partiet før det kommer til et sluttspill hvor hvit har
løper mort springer.} Bxf5 25. gxf5 g6 26. Qf3 gxf5 27. Rg5 Rg8 $2 {Utført i de
n overbevisning at hvit ikke får til en evig sjakk, noe vi også konstaterte i
analysene etter partiet. Men der er det mulig vi tok feil...} 28. Rxf5 (28.
Rxh5+ Nxh5 29. Qxh5+ Kg7 30. exf5 Rh8 31. Qg5+ Kf8 32. h4 d5 33. f6 Rg8 34.
Qxe5 Re8 35. Ra7 Rxe5 (35... Qxa7 $4 36. Qd6+ Re7 37. fxe7+ Qxe7 38. Qh6+ Ke8
39. Qxc6+ Kf8 40. Qc8+) 36. Rxd7 Ke8 37. Rc7 Rg6 38. Rxc6 Rf5 39. d4 Rxf2+ {
kan vise seg vanskelig å vinne for svart}) 28... Rg7 29. Qe3 Rbg8 30. f3 ({
Her kunne det vært fristende for hvit å prøve} 30. Rxf7 Rxf7 31. Bxf7 Qxf7 $4
32. Ra7 {og hvit vinner}) ({men svart har en joker i ermet:} 30. Rxf7 Qxf7 $1
31. Bxf7 Rg2+ 32. Kh1 Rg1+ 33. Kh2 R8g2#) 30... c5 {
for gardere seg mot et ekkelt tårntrekk til a7, men det fantes en enklere vei:}
(30... Rg2+ 31. Kh1 Qxf5 32. exf5 R8g3 33. Qxf4 Rg1+ 34. Kh2 R3g2# {Denslags fi
nesser ser dessverre ikke sidrumpa Follobønder før de får en silisiumshjerne
til å vise dem det...}) 31. Ra1 Qe7 (31... Rg2+ 32. Kh1 R8g3 33. Qxf4 exf4 34.
Rxf7+ Qxf7 35. Bxf7 Rxb2 {
bør vinne lett, spesielt fordi hvit har en drøss svake bønder på 3.-raden}) 32.
Rxf4 {Mer eller mindre tvungent} exf4 33. Qxf4 Qe5 34. Qxe5 dxe5 {Den lille mat
erielle fordelen til svart er neppe tilstrekkelig til å vinne, men hvit får
store probemer med å forsvare bøndene sine. Hvit fant heller ikke noen plan,
verken i form av forsvar eller i form av motspill - og klokka tikket (i den
grad de nye klokkene kan sies å tikke...) ned mot null slik at hvit tapte på
tid.} 0-1

[Event "Høstturneringen 2013"]
[Site "Ås, Akershus NOR"]
[Date "2013.12.12"]
[Round "9"]
[White "Kielland-Lund, Jon"]
[Black "Petersen, Rune J"]
[Result "1-0"]
[WhiteElo "1613"]
[BlackElo "899"]
[PlyCount "47"]
[EventDate "2013.09.05"]

1. c4 d6 2. d4 e6 3. e4 Nc6 4. Nf3 Be7 5. Nc3 Bf6 6. Be3 Bd7 7. Be2 h6 8. Qd2
Nge7 9. Rc1 O-O 10. O-O Qc8 11. a3 a6 12. b4 b5 13. cxb5 axb5 14. Nxb5 e5 15.
d5 Nd4 16. Bxd4 Bxb5 17. Bxb5 exd4 18. a4 Ng6 19. Nxd4 Bg5 20. f4 Bxf4 21. Rxf4
Nxf4 22. Qxf4 g5 23. Qf6 Qd8 24. Qxh6 1-0

[Event "Høstturneringen 2013"]
[Site "Ås, Akershus NOR"]
[Date "2014.01.09"]
[Round "9"]
[White "Heien, Aksel"]
[Black "Aalmo, Alexander"]
[Result "0-1"]
[WhiteElo "961"]
[BlackElo "1104"]
[PlyCount "104"]
[EventDate "2013.09.05"]

1. e4 d6 2. d4 Nf6 3. Nc3 g6 4. f4 Bg7 5. Nf3 a6 6. Bc4 b5 7. Bd3 Bb7 8. O-O b4
9. Ne2 Nxe4 10. Bxe4 Bxe4 11. Ng3 Bb7 12. Bd2 a5 13. c3 bxc3 14. Bxc3 O-O 15.
Qb3 Qc8 16. a4 Nd7 17. Rfe1 Bxf3 18. gxf3 e6 19. d5 Nc5 20. Qc4 Bxc3 21. bxc3
Re8 22. Ne4 exd5 23. Qxd5 Nxe4 24. Rxe4 Rxe4 25. Qxe4 Rb8 26. Rb1 Ra8 27. Re1
Qb8 28. Ra1 Qb6+ 29. Kg2 Qb2+ 30. Kg3 Rb8 31. Qe1 Kf8 32. Rc1 Re8 33. Rb1 Rxe1
34. Rxb2 Ra1 35. Rb8+ Ke7 36. Rb7 Kd7 37. Rb5 Rxa4 38. h4 Rc4 39. Rxa5 Rxc3 40.
f5 Rc5 41. Rxc5 dxc5 42. fxg6 hxg6 43. Kf2 Ke6 44. Ke3 Ke5 45. Kd3 Kf4 46. Kc4
Kxf3 47. Kxc5 Kg4 48. Kc6 Kxh4 49. Kxc7 f5 50. Kd6 f4 51. Ke6 f3 52. Kf6 g5 0-1

[Event "Klubbmesterskapet 2013"]
[Site "Ås, Akershus NOR"]
[Date "2013.02.28"]
[Round "1"]
[White "Flügel, Stefan"]
[Black "Høva, Frode"]
[Result "1/2-1/2"]
[WhiteElo "1702"]
[BlackElo "1595"]
[PlyCount "106"]
[EventDate "2013.01.17"]

1. e4 c5 2. b4 cxb4 3. a3 e6 4. axb4 Bxb4 5. c3 Be7 6. d4 d5 7. Bd3 dxe4 8.
Bxe4 Nf6 9. Bd3 Bd7 10. Nf3 Bc6 11. O-O Nbd7 12. Na3 a6 13. Nc4 Rc8 14. Bf4 Nd5
15. Qd2 Nxf4 16. Qxf4 Bd5 17. Nfe5 Nxe5 18. dxe5 Bg5 19. Qg4 h5 20. Qe2 Bxc4
21. Bxc4 Qc7 22. Bd3 Qxc3 23. Qe4 Qc6 24. f4 Be7 25. Rfb1 Qxe4 26. Bxe4 b6 27.
Rxa6 O-O 28. g3 Rfd8 29. Kg2 Rc4 30. Re1 Bc5 31. Ra7 g6 32. Re2 Rdd4 33. Bc6
Rd8 34. Rea2 Rcd4 35. Ra8 Bb4 36. R2a4 Rd2+ 37. Kh3 Ba5 38. Ra2 Rxa8 39. Rxd2
Rc8 40. Rc2 b5 41. Be4 Rb8 42. Ra2 Bc3 43. Ra8 Rxa8 44. Bxa8 Kg7 45. Be4 b4 46.
Bc2 Kh6 47. Kg2 g5 48. h3 gxf4 49. gxf4 h4 50. Bb3 Kg7 51. Kf3 Kf8 52. Ke4 Ke7
53. f5 exf5+ 1/2-1/2

[Event "Klubbmesterskapet 2013"]
[Site "Ås, Akershus NOR"]
[Date "2013.01.17"]
[Round "1"]
[White "Moberg, Jan Rune"]
[Black "Aalmo, Alexander"]
[Result "1-0"]
[WhiteElo "1511"]
[BlackElo "1129"]
[PlyCount "71"]
[EventDate "2013.01.17"]

1. d4 Nf6 2. Bg5 e6 3. e3 d5 4. Bd3 Nbd7 5. Nf3 h6 6. Bh4 c5 7. c3 cxd4 8. exd4
Be7 9. Nbd2 a6 10. Bg3 O-O 11. h3 b5 12. O-O Bb7 13. Re1 Rc8 14. Rc1 Re8 15.
Qe2 Nh5 16. Bh2 Nhf6 17. Ne5 Nb6 18. b3 Nbd7 19. f4 Qa5 20. Nb1 Nxe5 21. fxe5
Nh7 22. Bf4 Bg5 23. Bxh7+ Kxh7 24. Bxg5 hxg5 25. b4 Qd8 26. Nd2 g6 27. Rf1 Kg7
28. Nb3 Rh8 29. Nc5 Qe7 30. Rf6 Rh4 31. Rcf1 Rf8 32. Qe3 Rh5 33. g4 Rhh8 34.
Kg2 Bc8 35. Qxg5 Rh7 36. Rxg6+ 1-0

[Event "Klubbmesterskapet 2013"]
[Site "Ås, Akershus NOR"]
[Date "2013.01.17"]
[Round "1"]
[White "Olsen, Trygve"]
[Black "Lea, Per"]
[Result "0-1"]
[WhiteElo "1278"]
[BlackElo "1655"]
[Annotator "Per Lea"]
[PlyCount "64"]
[EventDate "2013.01.17"]

1. d4 d5 2. c4 e5 3. dxe5 d4 4. Nf3 Nc6 5. a3 Bg4 6. Bf4 Nge7 7. Qd3 Bxf3 8.
exf3 Ng6 9. Qe4 Nxf4 10. Qxf4 Qe7 11. Nd2 f6 12. Ne4 Nxe5 13. c5 d3 14. Qe3 (
14. O-O-O O-O-O 15. Qf5+ Kb8 16. f4 Nc6 17. Bxd3 {med omtrent lik stilling})
14... f5 15. Ng3 $2 f4 $1 16. Qe4 (16. Qxf4 Nxf3+ 17. Kd1 Qe1#) 16... fxg3 17.
hxg3 O-O-O 18. f4 d2+ 19. Ke2 Nd3 20. Qxe7 Nc1+ 21. Kd1 (21. Rxc1 dxc1=N+ 22.
Kf3 Bxe7 {0-1}) 21... Bxe7 22. b4 Bf6 23. Rb1 Na2 24. Bc4 Nc3+ 25. Kc2 Nxb1 26.
Rxb1 Rd4 27. Be6+ Kb8 28. Rd1 Rhd8 29. Bg4 Rd3 30. a4 Rc3+ 31. Kb1 Rb3+ 32. Ka2
Rb2+ 0-1

[Event "Klubbmesterskapet 2013"]
[Site "Ås, Akershus NOR"]
[Date "2013.01.31"]
[Round "1"]
[White "Furnes, Torstein"]
[Black "Thowsen, Alf Geir"]
[Result "1-0"]
[WhiteElo "1588"]
[BlackElo "1159"]
[Annotator "Torstein Furnes"]
[PlyCount "69"]

1. d4 Nf6 2. c4 c5 3. d5 e5 4. Nc3 d6 5. e4 Be7 6. Nf3 Nbd7 7. Be2 O-O 8. O-O
Ne8 9. Be3 f5 $16 {Det er vanligere å forberede f5-fremstøtet med g6 først.
Stillingen etter 9.Le3 har oppstått 21 ganger i den store online databasen www.
chesslive.de, og samtlige 21 partier fortsatte med 9.-g6.} 10. exf5 Rxf5 11.
Bd3 {Hvit får nå utviklet løperen til den gode b1-h7-diagonalen med tempo.} Rf8
12. Qc2 Ndf6 13. Ng5 g6 14. h4 $6 ({Førstevalget til Fritz er} 14. Ne6 $1 Bxe6
15. dxe6 Ng7 16. Bh6 {og hvits fordel vurderes til ca. +1.5.}) 14... Ng7 15.
Nce4 Nxe4 16. Bxe4 Nf5 17. Ne6 $1 $16 {Dette trekket er førstevalget til Fritz.
} Bxe6 18. dxe6 Qc8 (18... Bxh4) (18... Rb8) 19. Bg5 $2 $15 (19. h5) (19. Bd5)
19... Nd4 $11 ({Et godt felt for springeren, men Fritz mener det var bedre å
slå løperen på g5 først:} 19... Bxg5 20. hxg5 Nd4 $15) 20. Qd2 Bxg5 21. Qxg5
Re8 $6 $16 (21... Qe8) 22. e7 $2 $11 ({Fritz liker bedre trekk som} 22. h5) (
22. Bd5) 22... Kg7 23. h5 Ne6 $6 $16 ({Bedre er nok} 23... Qe6 24. h6+ Kh8 25.
Bxb7 Rab8 26. Bd5 Qxe7 $11) 24. h6+ Kf7 25. Bd5 Rxe7 26. f4 $6 (26. Rae1 Ke8
27. Qf6) 26... Ke8 27. Qf6 Nxf4 28. Qxd6 {Fritz utdeler spørsmålstegn til de
neste 5 halvtrekkene. Stillingsvurderingen svinger ganske kraftig fram og
tilbake.} Qd8 $2 $18 (28... a5 29. Rxf4 exf4 30. Qxf4 $11) 29. Qxc5 $2 $14 (29.
Qf6 $1 $18 {og selv om hvit ligger bonde under, så vurderer Fritz hvits fordel
til å være verdt ca. +2.7.}) 29... Rc7 $2 $18 {
Gir hvit muligheten til et elegant trekk.} (29... Qb6 30. Qxb6 axb6) 30. Qb4 $2
$16 ({Overser det artige trekket} 30. Bc6+ $1 Rxc6 31. Qxe5+ Qe7 (31... Ne6 $4
32. Rad1 Qb6+ (32... Qe7 33. Qh8+ Nf8 34. Rde1 Re6 35. Rxe6 Qxe6 36. Qxf8+ Kd7
37. Qg7+ Kd6 38. Rf6) 33. Kh1 Qc5 34. Qh8+ Nf8 35. Rfe1+ Qe7 36. Rxe7+ Kxe7 37.
Qg7+ Ke8 38. Rf1 Ne6 39. Qf7+ Kd8 40. Rd1+ Kc8 41. Rd7 Nc7 42. Rxc7+ Rxc7 43.
Qe8#) 32. Qxf4 Re6 $18) 30... Qg5 $2 $18 (30... Ne2+ 31. Kf2 Nf4 $16) 31. Rae1
Re7 32. Bxb7 Rd8 33. Qb5+ ({Sterkere er} 33. Bc6+ Kf8 34. Qc5 Qf6 (34... Rd4
35. Bd5) 35. g3) 33... Rdd7 (33... Kf8 34. Qc5 Kg8 35. Rxf4 Rxb7 36. Qxe5 Qxe5
37. Rxe5 Rf8 (37... Rxb2 $4 38. Re7 g5 39. Rg7+ Kh8 40. Rff7)) 34. Bc6 e4 $4 ({
Hvis svart flytter kongen til f-linjen} 34... Kf7 {har hvit muligheten} 35.
Rxf4+ $1 Qxf4 (35... exf4 $4 36. Qxg5) 36. Bd5+ (36. Rf1 Rd1) 36... Kf6 (36...
Ke8 37. Qb8+ Rd8 38. Bc6+ Kf7 (38... Red7 39. Qd6) 39. Qxd8) 37. Rf1) 35. Qxg5
1-0

[Event "Klubbmesterskapet 2013"]
[Site "Ås, Akershus NOR"]
[Date "2013.02.03"]
[Round "1"]
[White "Garmark, Vegard"]
[Black "Kielland-Lund, Jon"]
[Result "0-1"]
[WhiteElo "1195"]
[BlackElo "1597"]
[PlyCount "68"]
[EventDate "2013.01.17"]

1. e4 c6 2. d4 d5 3. exd5 cxd5 4. Nf3 Nc6 5. Nc3 Bg4 6. a3 e6 7. Be3 Nf6 8. h3
Bh5 9. Bd3 a6 10. Ne2 Bxf3 11. gxf3 g6 12. Qd2 h5 13. O-O-O Qb6 14. Bg5 Be7 15.
Qf4 Nh7 16. Bxe7 Nxe7 17. Qe5 Rg8 18. Nf4 O-O-O 19. Nxh5 Qc7 20. Qxc7+ Kxc7 21.
Rhg1 Rh8 22. Nf4 Nf6 23. c4 Rh4 24. Ne2 Rxh3 25. Rg3 Rh2 26. Kd2 Rdh8 27. cxd5
Nfxd5 28. Rc1+ Kd7 29. Rf1 Nc6 30. Rg4 R8h3 31. Nf4 Nxf4 32. Rxf4 f5 33. Rg1
Ne7 34. Ke3 Nd5+ 0-1

[Event "Klubbmesterskapet 2013"]
[Site "Ås, Akershus NOR"]
[Date "2013.01.24"]
[Round "2"]
[White "Simonsen, Steinar"]
[Black "Moberg, Jan Rune"]
[Result "0-1"]
[WhiteElo "1367"]
[BlackElo "1533"]
[PlyCount "104"]
[EventDate "2013.01.17"]

1. e4 e5 2. Nf3 d6 3. Nc3 c6 4. d4 Nd7 5. dxe5 dxe5 6. Bc4 Be7 7. Be3 Ngf6 8.
O-O O-O 9. Nd2 Qc7 10. f4 Bc5 11. Bxc5 Nxc5 12. fxe5 Qxe5 13. Nf3 Qc7 14. e5
Nfe4 15. Nxe4 Nxe4 16. Qd4 Qb6 17. Qxb6 axb6 18. Rfe1 Nc5 19. Rad1 b5 20. Bb3
Nxb3 21. axb3 Bf5 22. Rd2 Rad8 23. c3 Bg4 24. Red1 Rxd2 25. Rxd2 Re8 26. Kf2 h6
27. h3 Be6 28. b4 g5 29. g4 Kg7 30. Kg3 Bd5 31. Re2 Kg6 32. Nd4 b6 33. h4 gxh4+
34. Kxh4 Bc4 35. Re3 c5 36. Nf5 f6 37. exf6 Rxe3 38. Nxe3 Be6 39. Nf5 Bxf5 40.
f7 Kxf7 41. gxf5 Kf6 42. Kh5 Kxf5 43. Kxh6 Ke5 44. Kg6 Kd5 45. bxc5 bxc5 46.
Kf5 Kc4 47. Ke5 b4 48. cxb4 cxb4 49. Ke4 Kb3 50. Kd3 Kxb2 51. Kd2 b3 52. Kd1
Ka1 0-1

[Event "Klubbmesterskapet 2013"]
[Site "Ås, Akershus NOR"]
[Date "2013.01.24"]
[Round "2"]
[White "Lea, Per"]
[Black "Stensland, Martin"]
[Result "1-0"]
[WhiteElo "1666"]
[BlackElo "1153"]
[Annotator "Per Lea"]
[PlyCount "37"]
[EventDate "2013.01.17"]

1. e4 c6 2. d4 d5 3. Nc3 dxe4 4. Nxe4 Bf5 5. Ng3 Bg6 6. Nf3 h6 $2 ({
De vanligste alternativene:} 6... e6) (6... Nf6) (6... Nd7) 7. Ne5 Nd7 $2 8.
Nxg6 fxg6 9. Bd3 Kf7 10. h4 ({Bedre:} 10. Qg4 e6 11. O-O Qf6 12. Re1 Rd8 13. h4
Be7 14. Ne4 Qxh4 15. Nd6+ Kf8 16. Qxe6 $18) 10... h5 11. Bc4+ Ke8 12. Qd3 Qa5+
13. Bd2 Ne5 $2 (13... Qb6) 14. Bxa5 Nxd3+ 15. Bxd3 Kf7 16. O-O-O Nf6 17. Ne4
Re8 18. Ng5+ Kg8 19. Bxg6 {På grunn av matt-trusselen på f7 må svart tape
ytterligere materiell og ga derfor opp} 1-0

[Event "Klubbmesterskapet 2013"]
[Site "Ås, Akershus NOR"]
[Date "2013.01.24"]
[Round "2"]
[White "Aalmo, Alexander"]
[Black "Olsen, Trygve"]
[Result "0-1"]
[WhiteElo "1129"]
[BlackElo "1311"]
[Annotator "Per Lea"]
[PlyCount "118"]
[EventDate "2013.01.17"]

1. d4 c5 2. Nf3 cxd4 3. Nxd4 e5 4. Nf3 Nf6 5. e3 Be7 6. c4 O-O 7. Nc3 d6 8. a3
b6 9. Nd5 Bb7 10. Be2 Nxd5 11. cxd5 Nd7 12. e4 Nf6 13. Nd2 a5 14. f3 Nh5 15.
Qb3 Bh4+ 16. g3 Nf4 17. Bb5 Nh3 18. Nc4 Be7 19. Be3 Ba6 20. Bxb6 Qb8 21. a4 Bd8
22. Bxa5 $2 (22. Bxd8 Qxd8 23. Qe3 $16) 22... Bxa5+ 23. Nxa5 Qb6 24. Nc6 Qf2+ (
24... Bxb5 {er enda bedre}) 25. Kd1 Bxb5 26. Ne7+ Kh8 27. Qxb5 Qxf3+ 28. Kd2
Qf2+ 29. Qe2 Qd4+ 30. Kc2 (30. Ke1 Rxa4 31. Rxa4 Qxa4 {er kanskje spillbart})
30... Rab8 31. b3 Qc5+ (31... Rxb3 32. Kxb3 Rb8+ 33. Qb5 {
(ellers er det forsert matt) er svarts eneste mulighet til å få fordel}) 32.
Qc4 Qf2+ 33. Kc3 Qf6 34. Nc6 Rbc8 35. Raf1 Qh6 36. Rf3 Ng5 37. Rd3 f5 38. h4 $2
(38. exf5 $11) 38... Nxe4+ 39. Kc2 Nf2 40. Rf1 Nxd3 41. Qxd3 e4 42. Qe2 Qg6 43.
Kb2 Qxg3 44. h5 Rce8 45. Nd4 f4 46. Ne6 f3 47. Qe3 Qe5+ 48. Ka3 Rf7 49. Ng5 Rf6
50. Rf2 h6 51. Ne6 Rc8 52. Nf4 $4 Rxf4 53. Rf1 Rcf8 54. Rf2 Qxd5 55. Rd2 Qc5+
56. Qxc5 dxc5 57. a5 e3 58. Rd5 f2 59. a6 f1=Q {Hvit ga opp} 0-1

[Event "Klubbmesterskapet 2013"]
[Site "Ås, Akershus NOR"]
[Date "2013.01.31"]
[Round "2"]
[White "Kielland-Lund, Jon"]
[Black "Flügel, Stefan"]
[Result "1/2-1/2"]
[WhiteElo "1587"]
[BlackElo "1702"]
[PlyCount "61"]
[EventDate "2013.01.17"]

1. c4 {[%emt 0:00:00]} b6 2. Nc3 c5 3. e4 Nc6 4. Nf3 Bb7 5. d4 cxd4 6. Nxd4 g6
7. Be3 Bg7 8. Be2 Nf6 9. f3 O-O 10. O-O Rc8 11. Rc1 d6 12. Qd2 Nd7 13. b3 a6
14. Nxc6 Rxc6 15. Bd4 Nc5 16. Bxg7 Kxg7 17. Nd5 e6 18. Qd4+ f6 19. Nb4 Rc7 20.
Rfd1 Rd7 21. Nd3 e5 22. Qe3 Ne6 23. Ne1 f5 24. Rc3 fxe4 25. fxe4 Rf4 26. Bf3
Ng5 27. Nd3 Rh4 28. Nf2 Rf7 29. Rcd3 Nxf3+ 30. gxf3 Rhf4 31. Rxd6 1/2-1/2

[Event "Klubbmesterskapet 2013"]
[Site "Ås, Akershus NOR"]
[Date "2013.02.05"]
[Round "2"]
[White "Thowsen, Alf Geir"]
[Black "Garmark, Vegard"]
[Result "1-0"]
[WhiteElo "1159"]
[BlackElo "1195"]
[PlyCount "41"]
[EventDate "2013.01.17"]
[EventType "swiss"]
[EventRounds "9"]
[EventCountry "NOR"]

1. d4 c6 2. c4 d5 3. Nc3 Nf6 4. e3 e6 5. Nf3 Bd6 6. Bd3 Nbd7 7. O-O O-O 8. Rb1
dxc4 9. Bxc4 Qc7 10. h3 e5 11. Qb3 b5 12. Bd3 e4 13. Nxe4 Nxe4 14. Bxe4 Nf6 15.
Bd3 Bb7 16. e4 Bf4 17. Bxf4 Qxf4 18. Rfe1 Rab8 19. e5 Nd5 20. Re4 Qh6 21. Rh4
1-0

[Event "Klubbmesterskapet 2013"]
[Site "Ås, Akershus NOR"]
[Date "2013.02.21"]
[Round "2"]
[White "Høva, Frode"]
[Black "Furnes, Torstein"]
[Result "1-0"]
[WhiteElo "1595"]
[BlackElo "1588"]
[Annotator "Torstein Furnes"]
[PlyCount "55"]

1. d4 d5 2. c4 e6 3. Nc3 Nf6 4. Bg5 Be7 5. cxd5 exd5 6. Qc2 O-O 7. e3 c6 8. Bd3
Nbd7 9. Nge2 Re8 10. O-O Nf8 11. f3 Nh5 12. Bxe7 Qxe7 13. e4 Be6 ({
Le6 står ikke i åpningsboken til Fritz 10. Der fortsetter det med} 13... dxe4
14. fxe4 {fulgt av Lg4 eller Le6.}) 14. Rae1 Rad8 15. e5 g6 16. f4 Ng7 17. Ng3
f5 18. exf6 {Fritz har i mange trekk foretrukket hvits stilling. Men Fritz
mener at en passant er litt unøyaktig og vurderer at hvits fordel faller fra
+0.9 til -0.2.} Qxf6 19. f5 {Fritz mener også at dette bondetrekket er en
liten feil, og at svarts fordel er oppe i -1.4.} Qxd4+ 20. Kh1 gxf5 ({
Fritz mener det er litt bedre å slå med springeren. F.eks.} 20... Nxf5 21. Nxf5
Bxf5 22. Rxe8 Rxe8 23. Bxf5 gxf5 24. Qxf5 Qg7 {og svart leder med bonde.}) 21.
Nce2 Qb6 {Fritz vil heller gå til felt som g4, h4, b4 eller f6, og beholde
svart fordel på ca. -1.} 22. Nf4 Bd7 23. Nxf5 Nxf5 24. Bxf5 Bxf5 $2 {En feil so
m gjør at stillingen går fra svart fordel på -1.2 til hvit fordel på +0.9.
Fritz vil heller spille:} (24... Rxe1 25. Rxe1 Qb4 26. Rf1 Qc4) 25. Qxf5 Rxe1 (
25... Qxb2 $4 {går selvsagt ikke pga} 26. Rxe8 Rxe8 27. Nh5 {
og hvit har matt i 8 trekk.}) 26. Rxe1 Qxb2 $4 ({
Fritz mener at Td7 er svarts eneste sjanse, og foreslår følgende variant:} 
26... Rd7 27. Nh5 Rf7 28. Qg5+ Ng6 29. Re8+ Rf8 30. Rxf8+ Kxf8 31. Qf6+ Ke8 32.
Qg7 Kd8 33. Nf6 Kc8 34. Qxh7 Nf8 35. Qf5+ Kb8 36. Nxd5 cxd5 37. Qxf8+ Kc7) ({
Etter partiet analyserte vi litt på om Df2 kunne være mulighet, men det går
ikke pga} 26... Qf2 $2 27. Qg5+ Kh8 28. Qe5+ Kg8 29. Nh5 Rd7 (29... Qf7 30.
Nf6+ Kh8 31. Ne8+ Kg8 32. Qg5+ Ng6 33. Qxd8) 30. Nf6+ Kf7 31. Ng4) 27. Qg5+ Qg7
28. Qxd8 1-0

[Event "Klubbmesterskapet 2013"]
[Site "Ås, Akershus NOR"]
[Date "2013.02.07"]
[Round "3"]
[White "Moberg, Jan Rune"]
[Black "Lea, Per"]
[Result "0-1"]
[WhiteElo "1533"]
[BlackElo "1666"]
[Annotator "Per Lea"]
[PlyCount "64"]
[EventDate "2013.01.17"]

1. d4 d5 2. c4 e6 3. Nf3 Nf6 4. g3 c5 5. dxc5 Bxc5 6. Bg2 O-O 7. O-O Nbd7 8.
Qc2 Qc7 9. a3 dxc4 10. Bf4 e5 11. Bg5 Rb8 12. Rc1 b5 13. Nc3 a6 14. e4 h6 15.
Bd2 Bd4 16. b4 Bb7 17. Nh4 Qc6 18. Re1 Ng4 19. Re2 Qb6 20. Rf1 Rbd8 21. Nf5
Ndf6 22. h3 Nxf2 23. Rexf2 Bxf2+ 24. Rxf2 Rd3 25. g4 Rfd8 26. Kf1 $4 {
Hvit vil naturlig nok ut av bindingen, men:} Qxf2+ 27. Kxf2 Rxd2+ 28. Qxd2
Rxd2+ 29. Kf1 Kf8 30. Ne3 Rd3 31. Ned1 Nxe4 32. Bxe4 Bxe4 {Oppgitt} 0-1